[Event "REG 1  R 3  Montauban - Montech"]
[Site "?"]
[Date "2003.12.07"]
[Round "3"]
[White "Gerard, Kienlen"]
[Black "Francis, Sauty"]
[Result "1-0"]
[WhiteElo "1530"]
[BlackElo "1290"]
[EventDate "2003.??.??"]
[PlyCount "173"]

1.Nf3 d5 2.g3 Nf6 3.Bg2 e6 4.d3 Nc6 5.O-O Be7 6.b3 O-O 7.Bb2 Qd6 8.c3 e5 
9.Nbd2 b6 10.a3 Bb7 11.e3 Ba6 12.c4 Rab8 13.b4 Bb7 14.b5 Nd8 15.Bxe5 Qd7 
16.Bb2 dxc4 17.Nxc4 Qxb5 18.a4 Qf5 19.e4 Qh5 20.h3 Nc6 21.g4 Qc5 22.Ba3 
Nb4 23.Qe2 Qc6 24.a5 Rfe8 25.Ne1 Qe6 26.f3 Rbd8 27.axb6 cxb6 28.Bxb4 Bxb4 
29.Rxa7 Rb8 30.Ra2 Ra8 31.Rxa8 Rxa8 32.Nc2 Ra2 33.Qd1 Bc5+ 34.Kh1 b5 35.
Qb1 Qa6 36.d4 Ra4 37.dxc5 Rxc4 38.Rd1 g6 39.Rd6 Qa4 40.Rxf6 Rxc2 41.Rb6 
Ba6 42.Rb8+ Kg7 43.g5 Qa2 44.Qxa2 Rxa2 45.Rb6 h6 46.gxh6+ Kxh6 47.Kh2 Kg7 
48.Kg3 f6 49.Bf1 Ra1 50.Bxb5 Bxb5 51.Rxb5 Rg1+ 52.Kf2 Rc1 53.h4 Rc2+ 54.
Kg3 Rc1 55.Kg4 Rg1+ 56.Kf4 g5+ 57.hxg5 Rxg5 58.Ke3 Kf7 59.Rb7+ Ke8 60.Kd4 
Kd8 61.Rb5 Kc8 62.Kc4 Rh5 63.c6 Rh7 64.Rf5 Rh6 65.Kd5 Kc7 66.Ke6 Kxc6 67.
Rxf6 Rh8 68.Ke7+ Kc5 69.e5 Kd4 70.f4 Ke4 71.e6 Rh7+ 72.Kd6 Ra7 73.Rf8 Ra6+
74.Ke7 Kd5 75.Rd8+ Ke4 76.Rf8 Kd5 77.f5 Ke5 78.Kd7 Rd6+ 79.Kc7 Ra6 80.Kb7 
Rd6 81.Kc7 Ra6 82.Kb7 Rd6 83.Rf7 Rd8 84.Kc7 Ra8 85.Kb7 Rd8 86.e7 Rd7+ 87.
Kc8 1-0

[Event "REG 1  R 3  Luchon/Sainte Foy"]
[Site "?"]
[Date "2003.12.07"]
[Round "3"]
[White "Moreau, Philippe"]
[Black "Boulogne, Laurent"]
[Result "0-1"]
[WhiteElo "1670"]
[BlackElo "1790"]
[EventDate "2003.??.??"]
[Annotator ",OL"]
[PlyCount "112"]
[WhiteTeam "Luchon"]
[BlackTeam "L'ouverture Lauragaise"]

1.e4 e5 2.Nf3 Nf6 3.Nc3 Bb4 4.d3 d6 5.Bd2 Nc6 6.Nd5 Bxd2+ 7.Qxd2 Nxd5 8.
exd5 Ne7 9.c4 O-O 10.O-O-O Ng6 11.Re1 Re8 12.h4 Bg4 13.Ng5 f6 14.Ne4 Rb8 
15.Be2 Bc8 16.h5 Nf8 17.h6 g6 18.f4 c6 19.fxe5 Rxe5 20.Ref1 f5 21.Nc3 Qe7 
22.Rf3 c5 23.Rhf1 Bd7 24.g4 Re8 25.R3f2 Qh4 26.gxf5 Bxf5 27.Nb5 Qe7 28.Qc3
Qf6 29.Bg4 Qg5+ 30.Rf4 Bxg4 31.Nxd6 Re1+ 32.Rxe1 Rxe1+ 33.Qxe1 Qxf4+ 34.
Qd2 Qxd6 35.b3 Nd7 36.Qe3 Qe5 37.Qxe5 Nxe5 38.Kd2 Bf5 39.Ke3 Nf7 40.d4 
cxd4+ 41.Kxd4 Nxh6 42.Ke5 Nf7+ 43.Kf6 Kf8 44.b4 Nd6 45.c5 Ne4+ 46.Ke5 Ke7 
47.c6 bxc6 48.dxc6 Nc3 49.a3 h5 50.Kd4 Nb5+ 51.Kc5 Nxa3 52.b5 Nxb5 53.Kxb5
Kd6 54.Ka6 Kxc6 55.Kxa7 Bc8 56.Ka8 Kc7 0-1

[Event "REG 1  R 3  Luchon/Sainte Foy"]
[Site "?"]
[Date "2003.12.07"]
[Round "3"]
[White "Gales, Jacques"]
[Black "Lamata, Fabrice"]
[Result "0-1"]
[WhiteElo "1350"]
[BlackElo "1470"]
[EventDate "2003.??.??"]
[Annotator ",OL"]
[PlyCount "86"]
[WhiteTeam "Luchon"]
[BlackTeam "L'ouverture Lauragaise"]

1.e4 e5 2.Nf3 Nc6 3.Bc4 h6 4.c3 d6 5.h3 Nf6 6.d3 a6 7.O-O g5 8.Re1 b5 9.
Bd5 Nxd5 10.exd5 Ne7 11.d4 f6 12.dxe5 fxe5 13.c4 g4 14.Nh2 h5 15.h4 Bf5 
16.g3 Qd7 17.Nc3 bxc4 18.Qa4 Qxa4 19.Nxa4 Nxd5 20.Nc5 Nb4 21.Bf4 O-O-O 22.
Bg5 Nc2 23.Nxa6 Nxa1 24.Bxd8 Kxd8 25.Rxa1 Bg7 26.Rc1 d5 27.b3 Bd3 28.b4 c6
29.Nc5 Bf5 30.Nf1 Bf8 31.Ne3 Bxc5 32.bxc5 Be4 33.a4 Kc7 34.Nc2 Ra8 35.Ra1 
Bxc2 36.a5 d4 37.Kf1 d3 38.Ke1 c3 39.Rd1 Bxd1 40.Kxd1 c2+ 41.Kd2 Rxa5 42.
f3 Ra1 43.fxg4 c1=Q+ 0-1

[Event "REG 1  R 3"]
[Site "?"]
[Date "2003.12.07"]
[Round "3"]
[White "Galby, Vassili"]
[Black "Lefauqueur, Alain"]
[Result "1-0"]
[WhiteElo "1720"]
[BlackElo "1520"]
[EventDate "2003.??.??"]
[Annotator ",OL"]
[PlyCount "101"]
[WhiteTeam "L'ouverture Lauragaise"]
[BlackTeam "Luchon"]

1.e4 e5 2.Nf3 Nf6 3.Nxe5 d6 4.Nf3 Nxe4 5.Nc3 Nxc3 6.dxc3 Nc6 7.Be3 Be7 8.
Qd2 h6 9.O-O-O Be6 10.Kb1 a6 11.Be2 Qd7 12.h3 O-O-O 13.Nd4 Nxd4 14.Qxd4 c5
15.Qe4 f5 16.Qf3 Qc7 17.Bd3 Rdf8 18.Rhe1 Rf6 19.Bc1 Qd7 20.Bxa6 Bxa2+ 21.
Ka1 Kb8 22.Qxb7+ Qxb7 23.Bxb7 Re8 24.Bc6 Rc8 25.Kxa2 Rxc6 26.Rxe7 Ra6+ 27.
Kb1 g5 28.Rde1 d5 29.b3 d4 30.cxd4 c4 31.Bb2 cxb3 32.cxb3 Rab6 33.d5 Rxb3 
34.R1e6 Rf8 35.Kc2 Rb5 36.Be5+ Kc8 37.Rc7+ Kd8 38.Ra6 Rb8 39.Raa7 Rc8 40.
Rxc8+ Kxc8 41.Ra8+ Kd7 42.Rxf8 f4 43.Kd3 f3 44.Rxf3 h5 45.Ke4 g4 46.hxg4 
hxg4 47.Rg3 Ke7 48.Kf5 Ke8 49.Ke6 Kd8 50.Rb3 g3 51.Rb8# 1-0

[Event "Albi"]
[Site "Albi"]
[Date "2003.12.07"]
[Round "2.1"]
[White "Martinez, Loïc"]
[Black "Rouqual, Guy"]
[Result "1-0"]
[WhiteElo "1470"]
[BlackElo "1520"]
[EventDate "2003.??.??"]
[PlyCount "95"]

1.e4 c6 2.d4 d5 3.exd5 cxd5 4.c4 Nf6 5.Nc3 e6 6.Bg5 Be7 7.Nf3 Nc6 8.Be2 b6
9.O-O Bb7 10.Re1 Ne4 11.Bxe7 Nxe7 12.Rc1 Nf6 13.Ne5 a6 14.Bf3 O-O 15.Rc2 
Nf5 16.g3 Ne7 17.Rd2 Rc8 18.b3 Qd6 19.Rc2 Rfd8 20.cxd5 Nexd5 21.Nc4 Qb4 
22.Qe2 Qe7 23.Nxd5 Nxd5 24.Bxd5 Bxd5 25.Nxb6 Rxc2 26.Qxc2 Bh1 27.d5 Bxd5 
28.Nxd5 Rxd5 29.Qc8+ Rd8 30.Qxa6 g6 31.Qa5 h5 32.Rc1 h4 33.Qc7 Qxc7 34.
Rxc7 h3 35.Rc1 Rd2 36.Ra1 f5 37.f4 Kf7 38.a4 Rb2 39.a5 Rxb3 40.a6 Rb8 41.
a7 Ra8 42.Kf2 Kf6 43.Ra6 g5 44.Kf3 g4+ 45.Ke3 Ke7 46.Kd4 Rd8+ 47.Kc5 Rd5+ 
48.Kc4 1-0

[Event "N4A3 Condom 2 - Muret"]
[Site "?"]
[Date "2003.12.07"]
[Round "3.8"]
[White "Rahal, Sami-Antoine"]
[Black "Calatrava, Julian"]
[Result "1-0"]
[WhiteElo "1690"]
[BlackElo "1620"]
[EventDate "2003.??.??"]
[PlyCount "79"]

1.d4 Nf6 2.Bf4 e6 3.e3 b6 4.Nf3 Bb7 5.Nbd2 Be7 6.c3 O-O 7.Qc2 Nh5 8.Bg3 f5
9.Bd3 d6 10.O-O-O Nd7 11.Qb3 d5 12.Ne5 Nxg3 13.hxg3 Nxe5 14.dxe5 c5 15.Be2
Qd7 16.Qc2 g6 17.Rh2 Rf7 18.f4 Qc6 19.g4 a5 20.gxf5 exf5 21.g4 Bc8 22.Rg1 
b5 23.Bf3 Be6 24.gxf5 Bxf5 25.e4 dxe4 26.Nxe4 Qe6 27.b3 a4 28.Kb2 axb3 29.
axb3 Qa6 30.Qb1 Qa3+ 31.Kc2 Bxe4+ 32.Bxe4 Qa2+ 33.Qb2 Qxb2+ 34.Kxb2 Rd8 
35.Rf2 Kf8 36.Kc2 b4 37.c4 Rd4 38.Bd5 Rfxf4 39.Rh2 Kg7 40.Ra1 {temps} 1-0

[Event "R2S2 Auch Astarac - Colomiers 3"]
[Site "?"]
[Date "2003.12.07"]
[Round "2.4"]
[White "Ghafari, Léo"]
[Black "Chaudot, Maxime"]
[Result "0-1"]
[WhiteElo "1199"]
[BlackElo "1099"]
[EventDate "2003.??.??"]
[PlyCount "66"]

1.Nf3 Nf6 2.e4 Nxe4 3.d3 Nc5 4.Be2 Nc6 5.O-O e5 6.Bg5 Be7 7.Qd2 e4 8.dxe4 
Nxe4 9.Qf4 Nxg5 10.Bc4 O-O 11.Bd3 d6 12.Qh4 h6 13.Nxg5 Bxg5 14.Qe4 g6 15.
f4 Bf6 16.f5 Bxf5 17.Rxf5 Bd4+ 18.Kh1 Re8 19.Qg4 Re1+ 20.Bf1 Kf8 21.Qh3 
gxf5 22.Qxh6+ Bg7 23.Qe3 Rxe3 24.Nd2 Bxb2 25.Rb1 Bc3 26.Rd1 Bxd2 27.Rxd2 
Re1 28.Rf2 Qg5 29.Kg1 Rae8 30.g3 Nd4 31.h4 Qxg3+ 32.Kh1 Qxf2 33.c4 Rxf1# 
0-1

[Event "R2S2 Auch Astarac - Colomiers 3"]
[Site "?"]
[Date "2003.12.07"]
[Round "2.2"]
[White "Charruyer, Baptiste"]
[Black "Van Poucke, Gaël"]
[Result "1-0"]
[WhiteElo "1299"]
[BlackElo "1199"]
[EventDate "2003.??.??"]
[PlyCount "27"]

1.d4 d5 2.Nf3 Nf6 3.e3 Nc6 4.Bb5 a6 5.Bxc6+ bxc6 6.b3 Bg4 7.Nbd2 e6 8.h3 
Bh5 9.Bb2 Ne4 10.g4 Bg6 11.Nxe4 dxe4 12.Ne5 Bd6 13.Nxc6 Qd7 14.d5 {%02 la 
fin de la partie est incompréhensible} 1-0

[Event "R2S2 Auch Astarac - Colomiers 3"]
[Site "?"]
[Date "2003.12.07"]
[Round "2.1"]
[White "Castera, Sylvain"]
[Black "Decorchemont, Julien"]
[Result "0-1"]
[WhiteElo "1230"]
[BlackElo "1199"]
[EventDate "2003.??.??"]
[PlyCount "48"]

1.e4 Nf6 2.Nc3 e5 3.Nf3 Nc6 4.Bb5 Nd4 5.a3 Bc5 6.d3 O-O 7.Be3 Nxb5 8.Bxc5 
Nxc3 9.bxc3 Re8 10.O-O d6 11.Be3 Bg4 12.h3 Bh5 13.Rb1 Nd7 14.Rxb7 Nb6 15.
Bxb6 axb6 16.Qc1 Bxf3 17.gxf3 Qc8 18.Qb2 Re6 19.Rb1 Qxb7 20.Kf1 d5 21.d4 
dxe4 22.fxe4 Qxe4 23.Qb3 exd4 24.cxd4 Qh1# 0-1

[Event "R2N2 Ramonville 3 - Figeac"]
[Site "?"]
[Date "2003.12.07"]
[Round "2.4"]
[White "Ledoux, Benjamin"]
[Black "Bouet, Arnaud"]
[Result "1-0"]
[WhiteElo "1020"]
[BlackElo "1140"]
[EventDate "2003.??.??"]
[PlyCount "43"]

1.e4 e6 2.Bc4 d5 3.exd5 exd5 4.Bb5+ Bd7 5.Qe2+ Be7 6.Nc3 Nf6 7.Nxd5 Nxd5 
8.Bc4 Nf4 9.Qf3 Bd6 10.Nh3 Bc6 11.Qe3+ Kf8 12.Nxf4 Bxf4 13.Qxf4 Ke7 14.O-O
Re8 15.Qf5 Qd4 16.Re1+ Kd8 17.Rxe8+ Bxe8 18.Qg5+ f6 19.Qxg7 Qxc4 20.d3 
Qxc2 21.Bf4 Nc6 22.Qxc7# 1-0

[Event "R2N2 Ramonville 3 - Figeac"]
[Site "?"]
[Date "2003.12.07"]
[Round "2.3"]
[White "Bedos, Ophélie"]
[Black "Hégray, Charlie"]
[Result "0-1"]
[WhiteElo "1180"]
[BlackElo "1230"]
[EventDate "2003.??.??"]
[PlyCount "54"]

1.d4 d5 2.Nf3 Nc6 3.Bg5 Bf5 4.Nbd2 h6 5.Bh4 Nf6 6.Bxf6 exf6 7.g3 Nb4 8.Bg2
Nxc2+ 9.Kf1 Nxa1 10.Qxa1 Bd6 11.Qd1 Qd7 12.Qb3 c6 13.Qe3+ Be7 14.Qf4 O-O-O
15.Nb3 g5 16.Qe3 Bb4 17.a3 Rde8 18.Qc1 Bd6 19.Qe1 Re7 20.Qa5 Kb8 21.Nc5 
Bxc5 22.Qxc5 Rhe8 23.Kg1 Rxe2 24.Bf1 Rxb2 25.Qc3 Rb1 26.a4 Bh3 27.a5 Rxf1#
0-1

[Event "R2N2 Ramonville 3 - Figeac"]
[Site "?"]
[Date "2003.12.07"]
[Round "2.2"]
[White "Hégray, Romain"]
[Black "Tramon, Victor"]
[Result "1-0"]
[WhiteElo "1610"]
[BlackElo "1340"]
[EventDate "2003.??.??"]
[PlyCount "109"]

1.e4 e5 2.Nf3 Nc6 3.d4 d6 4.dxe5 dxe5 5.Qxd8+ Kxd8 6.Bb5 Bg4 7.Bxc6 Bxf3 
8.Bxb7 Bxg2 9.Rg1 Rb8 10.Bd5 Bf3 11.Rg3 Bh5 12.Rg5 Bg6 13.Rxe5 Bd6 14.Rg5 
Rb5 15.Bxf7 Rxg5 16.Bxg5+ Be7 17.Bxe7+ Nxe7 18.Bxg6 hxg6 19.Nc3 Rxh2 20.
Rd1+ Ke8 21.Nd5 Rh5 22.Nxc7+ Kf7 23.Nd5 Re5 24.f3 g5 25.Rd3 Ke6 26.Kf2 g4 
27.Nxe7 Kxe7 28.fxg4 Rxe4 29.Re3 Re6 30.Rxe6+ Kxe6 31.Kf3 a5 32.Ke4 Kd6 
33.Kf5 Ke7 34.Kg6 Kf8 35.c4 Ke7 36.Kxg7 Kd6 37.Kf7 Kc5 38.b3 Kb4 39.g5 Ka3
40.g6 Kxa2 41.g7 Kxb3 42.c5 a4 43.c6 a3 44.g8=Q a2 45.Ke7+ Kb2 46.Qxa2+ 
Kxa2 47.c7 Kb3 48.c8=Q Kb4 49.Kd6 Kb3 50.Kd5 Kb2 51.Kd4 Kb3 52.Qc4+ Ka3 
53.Qb5 Ka2 54.Kc3 Ka1 55.Qb2# 1-0

[Event "R2N2 Ramonville 3 - Figeac"]
[Site "?"]
[Date "2003.12.07"]
[Round "2.1"]
[White "Bouet, Jean-Yves"]
[Black "Luis, Henri"]
[Result "0-1"]
[WhiteElo "1499"]
[BlackElo "1690"]
[EventDate "2003.??.??"]
[PlyCount "54"]

1.e4 c5 2.c3 d5 3.exd5 Qxd5 4.d4 Nc6 5.Nf3 Bg4 6.Be2 cxd4 7.cxd4 e6 8.Nc3 
Bb4 9.O-O Bxc3 10.bxc3 Nf6 11.Re1 O-O 12.h3 Bh5 13.Qc2 Rac8 14.Qd3 {!} 
14...Bg6 15.Qb5 Ne7 16.Bg5 Qxb5 17.Bxb5 Rxc3 18.d5 Nexd5 19.Bd2 Rc5 20.Ba4
Ne4 21.Bc1 Rfc8 22.Ne5 Ndc3 23.Nxg6 hxg6 24.Bb2 Nxa4 25.Rxe4 Nxb2 26.Rb1 
Rc1+ 27.Rxc1 Rxc1+ 0-1

[Event "R2N2 L'Union - Castel/Moissac 2"]
[Site "Castelsarrasin"]
[Date "2003.12.07"]
[Round "2.4"]
[White "Duhon, Marie-Pierre"]
[Black "Meisse, Matthieu"]
[Result "0-1"]
[WhiteElo "1130"]
[BlackElo "1399"]
[EventDate "2003.??.??"]
[PlyCount "112"]

1.d4 d5 2.Nf3 Bf5 3.Nc3 Nf6 4.Bf4 e6 5.e3 a6 6.Be2 Bb4 7.Ne5 Ne4 8.O-O 
Bxc3 9.Rb1 Nd2 10.Bh5 O-O 11.Bxf7+ Rxf7 12.Qh5 Qe8 13.Qxf7+ Qxf7 14.Nxf7 
Kxf7 15.Bxc7 Nxf1 16.bxc3 Nd2 17.Rxb7 Nd7 18.Ba5 Ke8 19.a4 Bxc2 20.Rb2 Nc4
21.Rxc2 Nxa5 22.Rb2 Rb8 23.Rb4 Rxb4 24.cxb4 Nc4 25.b5 axb5 26.axb5 Nd2 27.
f3 Nb6 28.Kf2 Kd7 29.Kg3 Nbc4 30.Kg4 Kc7 31.h4 Nxe3+ 32.Kf4 Nxg2+ 33.Ke5 
Nxf3+ 34.Kxe6 Nxd4+ 35.Kf7 Nf5 36.Ke6 d4 37.Kd5 d3 38.Kc4 d2 39.b6+ Kb7 
40.h5 d1=Q 41.h6 Qd4+ 42.Kb5 Qb2+ 43.Kc5 Qa3+ 44.Kb5 Nd4+ 45.Kc4 Qa4+ 46.
Kc3 Qc6+ 47.Kxd4 Qxh6 48.Kc4 g5 49.Kb4 Ne3 50.Kc5 g4 51.Kb5 g3 52.Kc5 g2 
53.Kb5 g1=Q 54.Kc5 Nc2+ 55.Kb5 Qhxb6+ 56.Kc4 Qgd4# 0-1

[Event "R2N2 L'Union - Castel/Moissac 2"]
[Site "Castelsarrasin"]
[Date "2003.12.07"]
[Round "2.3"]
[White "Delerue, Thomas"]
[Black "Duhon, Jean-Noël"]
[Result "1-0"]
[WhiteElo "1499"]
[BlackElo "1270"]
[EventDate "2003.??.??"]
[PlyCount "117"]

1.d4 Nf6 2.Nf3 d5 3.Nc3 e6 4.g3 b6 5.Bg2 Bb7 6.O-O Ba6 7.Re1 h6 8.Ne5 Nbd7
9.Nxd7 Qxd7 10.e4 O-O-O 11.e5 Be7 12.exf6 Bxf6 13.Ne2 g5 14.a4 Kb8 15.a5 
Bb5 16.Nc3 Bc6 17.b4 Rde8 18.Bh3 h5 19.Be3 g4 20.Bg2 e5 21.Rb1 exd4 22.
Bxd4 Rxe1+ 23.Qxe1 Bxd4 24.b5 Qe6 25.Qd2 Bxc3 26.Qxc3 Rd8 27.Qxc6 Qd6 28.
Rd1 a6 29.Rxd5 Qxc6 30.bxc6 Re8 31.Rxh5 bxa5 32.Rxa5 Ka7 33.Ra4 Re2 34.Bf1
Re1 35.Rxg4 Ra1 36.Kg2 a5 37.Bc4 f5 38.Rd4 Kb6 39.Rd2 Kxc6 40.h4 a4 41.c3 
Kc5 42.Bf7 Rc1 43.h5 Rxc3 44.h6 a3 45.h7 Kb4 46.h8=Q Rc1 47.Qh6 Ra1 48.Qe6
Rc1 49.Qxf5 Kc3 50.Ra2 Kb4 51.Qf4+ Rc4 52.Qxc4+ Ka5 53.Qc5+ Ka4 54.Qa7+ 
Kb4 55.Qxa3+ Kb5 56.Qd3+ Kc5 57.Rc2+ Kb4 58.Qb3+ Ka5 59.Ra2# 1-0

[Event "R2N2 L'Union - Castel/Moissac 2"]
[Site "Castelsarrasin"]
[Date "2003.12.07"]
[Round "2.2"]
[White "Brotons, André"]
[Black "Ivanoff, Dimitri"]
[Result "0-1"]
[WhiteElo "1270"]
[BlackElo "1440"]
[EventDate "2003.??.??"]
[PlyCount "50"]

1.c4 e6 2.Nf3 Nf6 3.d4 d5 4.c5 c6 5.Bf4 h6 6.b4 b5 7.Qd2 Be7 8.Nc3 Nbd7 9.
e3 Ne4 10.Nxe4 dxe4 11.Ne5 Nxe5 12.Bxe5 Bf6 13.Bg3 e5 14.Qc3 exd4 15.Qc2 
d3 16.Rd1 a5 17.Bxd3 exd3 18.Rxd3 Bd7 19.Bd6 Be7 20.O-O Bxd6 21.Rxd6 O-O 
22.Rfd1 Ra7 23.bxa5 Qxa5 24.Rxd7 Rxd7 25.Rxd7 Qe1# 0-1

[Event "R2N2 L'Union - Castel/Moissac 2"]
[Site "Castelsarrasin"]
[Date "2003.12.07"]
[Round "2.1"]
[White "Perroux, Jacques"]
[Black "Roussel, Pascal"]
[Result "1/2-1/2"]
[WhiteElo "1700"]
[BlackElo "1499"]
[EventDate "2003.??.??"]
[PlyCount "143"]

1.e4 c5 2.Nf3 Nc6 3.d4 cxd4 4.Nxd4 Nf6 5.f3 e5 6.Nxc6 bxc6 7.Bc4 Be7 8.b3 
O-O 9.Bd2 d5 10.Bd3 Qb6 11.Qe2 Be6 12.exd5 Nxd5 13.c4 Nf4 14.Bxf4 exf4 15.
Nd2 Rad8 16.Ne4 Qd4 17.Rd1 Bb4+ 18.Kf1 Qe5 19.Nf2 Qf6 20.Ne4 Qh6 21.h4 Bf5
22.Nf2 Rfe8 23.Ne4 Bg6 24.Qc2 Bxe4 25.fxe4 Qe6 26.c5 Qg4 27.Be2 Rxd1+ 28.
Bxd1 Qe6 29.Bf3 Qe5 30.Qc1 Rd8 31.Rh3 Bxc5 32.Ke2 Be3 33.Qb1 Qb5+ 34.Ke1 
Qb4+ 35.Kf1 Qb5+ 36.Be2 Qe5 37.Bd3 g5 38.hxg5 f3 39.Rxf3 Qxg5 40.Bc4 Rd7 
41.Qe1 Bf4 42.Qf2 Rd1+ 43.Ke2 Rd2+ 44.Kf1 Rxf2+ 45.Rxf2 Qh4 46.g3 Qxg3 47.
Rg2 Qxg2+ 48.Kxg2 Kg7 49.Kf3 Be5 50.Kg4 Kg6 51.Be2 c5 52.Bc4 f6 53.Be6 Kh6
54.Bf5 Bd4 55.Kh4 Be3 56.Kg4 Bg5 57.Kh3 Kg7 58.Kg4 h6 59.Kh5 Kf7 60.Kg4 
Ke7 61.Kf3 h5 62.Ke2 Kd6 63.Kf3 Ke5 64.Bh3 Kd4 65.Be6 Kc3 66.a4 a5 67.Kg3 
Kd3 68.Kf3 h4 69.Bf5 c4 70.bxc4 Kxc4 71.Kg4 Kd4 72.Kf3 1/2-1/2

[Event "R2N2 Albi 3 - Cahors 2"]
[Site "Albi"]
[Date "2003.12.07"]
[Round "2.4"]
[White "Adiba, Mickaël"]
[Black "Peaud-Lenoel, Daniel"]
[Result "0-1"]
[WhiteElo "1199"]
[BlackElo "1050"]
[EventDate "2003.??.??"]
[PlyCount "64"]

1.e4 e5 2.Nf3 Nc6 3.Nc3 Nf6 4.Bc4 h6 5.O-O Be7 6.Qe2 O-O 7.Bd5 d6 8.Qe3 
Nb4 9.Ne1 c6 10.a3 cxd5 11.d4 Nc6 12.Nxd5 Nxd5 13.exd5 Nxd4 14.c3 Nf5 15.
Qe4 Nh4 16.Nd3 Bg5 17.Bxg5 Qxg5 18.g3 Bf5 19.Qe2 Bg4 20.f3 Bh3 21.Rfe1 f5 
22.f4 exf4 23.Nxf4 Rae8 24.Ne6 Qg6 25.Nxf8 Rxe2 26.Nxg6 Rg2+ 27.Kf1 Nxg6 
28.Re8+ Kh7 29.Rae1 Ne5 30.Rd8 Rd2+ 31.Kg1 Nf3+ 32.Kh1 Bg2# 0-1

[Event "R2N2 Albi 3 - Cahors 2"]
[Site "Albi"]
[Date "2003.12.07"]
[Round "2.3"]
[White "Martinez, Cristian"]
[Black "Adiba, Jean-Claude"]
[Result "0-1"]
[WhiteElo "1320"]
[BlackElo "1499"]
[EventDate "2003.??.??"]
[PlyCount "64"]

1.e4 e5 2.Nf3 Nc6 3.d4 exd4 4.Nxd4 Bc5 5.Be3 Qe7 6.Nxc6 dxc6 7.Bxc5 Qxc5 
8.Nc3 Nf6 9.Qd2 Be6 10.O-O-O O-O 11.Qd4 Qa5 12.f3 b5 13.b3 b4 14.Na4 Nd7 
15.Bc4 c5 16.Qd3 Ne5 17.Qe3 Nxc4 18.Qxc5 Qa6 19.Qxb4 Ne3 20.Rd2 Rab8 21.
Qd4 Nc4 22.Rd3 Nb6 23.Nc3 Qa3+ 24.Kd2 c5 25.Nb5 Qa5+ 26.b4 Qxb5 27.Qxc5 
Qa4 28.a3 Rbc8 29.Qa5 Qxc2+ 30.Ke3 Nc4+ 31.Kf4 Nxa5 32.Rhd1 Nc4 0-1

[Event "R2N2 Albi 3 - Cahors 2"]
[Site "Albi"]
[Date "2003.12.07"]
[Round "2.2"]
[White "Montreuille, Pierre"]
[Black "Lopez Michelone, Manuel"]
[Result "1-0"]
[WhiteElo "1570"]
[BlackElo "1320"]
[EventDate "2003.??.??"]
[PlyCount "91"]

1.Nf3 Nf6 2.b3 c5 3.Bb2 d6 4.e3 a6 5.c4 Nc6 6.d4 cxd4 7.exd4 e6 8.a3 d5 9.
cxd5 exd5 10.Bd3 g6 11.O-O Bg7 12.Re1+ Ne7 13.Qe2 Rb8 14.a4 h6 15.Qe5 Ra8 
16.Ba3 Be6 17.Bxe7 Qxe7 18.Nbd2 O-O 19.Rac1 Nd7 20.Qc7 Rab8 21.Nb1 Rfe8 
22.Nc3 Nf6 23.Qa5 Qa3 24.Ra1 Qxb3 25.Reb1 b6 26.Rxb3 bxa5 27.Rab1 Rxb3 28.
Rxb3 Bg4 29.Ne5 Be6 30.Bxa6 Nd7 31.f4 Nxe5 32.fxe5 f6 33.Rb5 fxe5 34.dxe5 
Bxe5 35.Nxd5 Bd4+ 36.Kf1 Rf8+ 37.Ke1 Bf2+ 38.Ke2 Bg4+ 39.Kd3 Rd8 40.Bb7 
Rd7 41.Bc6 Bf5+ 42.Ke2 Rd6 43.Kxf2 Rxc6 44.Ne7+ Kf7 45.Nxc6 Bd7 46.Ne5+ 
1-0

[Event "R2C2 Auch Fezensac - Castel/Moissac 3"]
[Site "?"]
[Date "2003.12.07"]
[Round "2.3"]
[White "Pokee, Michèle"]
[Black "Castro, Jean-Pierre"]
[Result "0-1"]
[WhiteElo "1320"]
[BlackElo "1380"]
[EventDate "2003.??.??"]
[PlyCount "28"]

1.e4 e5 2.Nf3 Nf6 3.Nc3 Nc6 4.d4 d6 5.dxe5 Nd7 6.exd6 Bxd6 7.Bb5 O-O 8.O-O
Nce5 9.Nxe5 Nxe5 10.h3 Bxh3 11.Qh5 Bg4 12.Qh1 c6 13.Bd3 Qf6 14.f4 Bc5+ {je
ne suis pas sure de la partie après le 12 ème coup} 0-1

[Event "R2C2 Auch Fezensac - Castel/Moissac 3"]
[Site "?"]
[Date "2003.12.07"]
[Round "2.2"]
[White "Brach, Manuel"]
[Black "Corbion, Patrice"]
[Result "1-0"]
[WhiteElo "1599"]
[BlackElo "1499"]
[EventDate "2003.??.??"]
[PlyCount "65"]

1.c4 e5 2.Nc3 Nc6 3.Nf3 d6 4.d4 Nxd4 5.Nxd4 exd4 6.Qxd4 Be6 7.b3 Nf6 8.Bb2
Be7 9.e3 c5 10.Qd3 Qd7 11.Be2 Rd8 12.Qc2 O-O 13.Rd1 Bg4 14.Nd5 Bxe2 15.
Qxe2 Nxd5 16.Rxd5 a6 17.O-O b5 18.Rfd1 f6 19.Rh5 b4 20.Rdd5 g6 21.Rh3 Rf7 
22.Rg3 Rg7 23.e4 Qe6 24.f4 Qf7 25.Rgd3 Kf8 26.e5 Qe6 27.Qf3 Ke8 28.exd6 
Rxd6 29.Re3 Qd7 30.Bxf6 Rxd5 31.Qxd5 Rf7 32.Rxe7+ Rxe7 33.Qg8# 1-0

[Event "R2C2 Auch Fezensac - Castel/Moissac 3"]
[Site "?"]
[Date "2003.12.07"]
[Round "2.1"]
[White "Hoeltzel, Guillaume"]
[Black "Roussali, Hélène"]
[Result "1/2-1/2"]
[WhiteElo "1500"]
[BlackElo "1499"]
[EventDate "2003.??.??"]
[PlyCount "138"]

1.e4 e5 2.Nf3 Nc6 3.Bc4 Bc5 4.O-O Nf6 5.Nc3 d6 6.d3 h6 7.Be3 Nd4 8.h3 O-O 
9.Bxd4 Bxd4 10.Nxd4 exd4 11.Ne2 c5 12.f4 Be6 13.Bb3 g6 14.Ng3 Nh7 15.f5 
Bxb3 16.axb3 Qh4 17.Qf3 a6 18.Ne2 Kh8 19.Nf4 Rg8 20.g3 Qf6 21.Nd5 Qe5 22.
fxg6 Ng5 23.Qf6+ Rg7 24.Kg2 fxg6 25.Qxe5 dxe5 26.Nb6 Rd8 27.Ra5 Rd6 28.Nc4
Re6 29.Rxc5 Rge7 30.Rf8+ Kg7 31.Rd8 Nf7 32.Rdd5 b6 33.Rc8 b5 34.Na5 Nd6 
35.Rc6 Nf7 36.Rxe6 Rxe6 37.Rd7 Kf6 38.Kf3 h5 39.Nb7 Kg7 40.Rxf7+ Kxf7 41.
Nd8+ Kf6 42.Nxe6 Kxe6 43.g4 h4 44.g5 Kf7 45.Kg4 a5 46.Kxh4 Kg7 47.Kg4 Kh7 
48.h4 Kg7 49.h5 Kh7 50.c3 dxc3 51.bxc3 a4 52.d4 a3 53.dxe5 a2 54.e6 a1=Q 
55.hxg6+ Kxg6 56.e7 Qa8 57.Kf4 Qe8 58.c4 bxc4 59.bxc4 Qxe7 60.e5 Qxg5+ 61.
Ke4 Kf7 62.Kd5 Qd8+ 63.Kc5 Ke6 64.Kb4 Kxe5 65.c5 Kd5 66.Kb5 Qc7 67.c6 
Qxc6+ 68.Kb4 Qc5+ 69.Ka4 Kc4 1/2-1/2

[Event "R2-2004 Villeneuve-Tolosane2-Loures Bar"]
[Site "Loures Barousse"]
[Date "2003.12.07"]
[Round "2.4"]
[White "Gosselin, Vincent"]
[Black "Mages, Gaetan"]
[Result "1-0"]
[WhiteElo "1270"]
[BlackElo "1099"]
[EventDate "2003.??.??"]
[PlyCount "71"]

1.e4 e5 2.Nf3 Nf6 3.Nc3 Nc6 4.Bc4 d6 5.d3 Nd4 6.O-O Nxf3+ 7.Qxf3 Bg4 8.Qg3
Qd7 9.Be3 Nh5 10.Qh4 Be7 11.Bg5 f6 12.Be3 g5 13.Bxg5 fxg5 14.f3 gxh4 15.
fxg4 Qxg4 16.Bf7+ Kd8 17.h3 Qg5 18.Rf5 Qe3+ 19.Kh2 Qg3+ 20.Kh1 Nf4 21.Rg1 
Nxg2 22.Rxg2 Qxh3+ 23.Kg1 Qe3+ 24.Rgf2 h3 25.Rf3 Qg5+ 26.Kh2 Qh4 27.Rf1 
Bg5 28.Ne2 Rf8 29.Rxh3 Qg4 30.Bh5 Bf4+ 31.Nxf4 Qf5 32.exf5 exf4 33.Rxf4 
Rg8 34.f6 Kd7 35.Bg4+ Ke8 36.f7+ 1-0

[Event "R2-2004 Villeneuve-Tolosane2-Loures Bar"]
[Site "Loures Barousse"]
[Date "2003.12.07"]
[Round "2.3"]
[White "Raboul, François"]
[Black "Latorre, René"]
[Result "1-0"]
[WhiteElo "1199"]
[BlackElo "1390"]
[EventDate "2003.??.??"]
[PlyCount "115"]

1.d4 d5 2.Nf3 Nf6 3.Bf4 Bg4 4.e3 e6 5.Nc3 Bb4 6.Bd3 Ne4 7.O-O Bxc3 8.bxc3 
Nxc3 9.Qe1 Ne4 10.Bxe4 dxe4 11.Bg5 f6 12.Nd2 fxg5 13.Nxe4 O-O 14.Qb4 Qd5 
15.f3 Na6 16.Qe7 h6 17.Nc5 Rae8 18.Qd7 Rd8 19.Qxd5 Rxd5 20.fxg4 Nxc5 21.
Rxf8+ Kxf8 22.dxc5 Rxc5 23.Rc1 Ke7 24.Kf2 Kd6 25.Ke2 Ke5 26.Kd2 Ke4 27.c3 
a5 28.Rb1 b6 29.a3 a4 30.Rb2 Rd5+ 31.Ke2 Rd3 32.Rb4+ Ke5 33.Kxd3 Kd5 34.
Rxa4 e5 35.e4+ Kc6 36.c4 Kb7 37.Rb4 c5 38.Rb5 g6 39.a4 Ka6 40.h3 h5 41.
gxh5 gxh5 42.g4 h4 43.Kc3 Kb7 44.a5 Ka6 45.axb6 Kb7 46.Rxc5 Kxb6 47.Rxe5 
Kc6 48.Rxg5 Kd6 49.Kd4 Ke6 50.c5 Kd7 51.Rg6 Kc7 52.Rd6 Kb7 53.e5 Kc7 54.e6
Kb7 55.e7 Kc7 56.e8=Q Kb7 57.Qe7+ Kb8 58.Rd8# 1-0

[Event "R2-2004 Villeneuve-Tolosane2-Loures Bar"]
[Site "Loures Barousse"]
[Date "2003.12.07"]
[Round "2.2"]
[White "Ponsolle, René"]
[Black "Hernandez, Jérémy"]
[Result "1-0"]
[WhiteElo "1510"]
[BlackElo "1290"]
[EventDate "2003.??.??"]
[PlyCount "71"]

1.e4 e5 2.Nf3 Nc6 3.Bb5 d6 4.Nc3 Bg4 5.d4 Bxf3 6.gxf3 a6 7.Ba4 exd4 8.Qxd4
b5 9.Qd5 Nb4 10.Bxb5+ axb5 11.Qxb5+ c6 12.Qxb4 d5 13.Qd4 Qf6 14.Qxf6 Nxf6 
15.Rg1 Bb4 16.Bd2 d4 17.Ne2 Bxd2+ 18.Kxd2 O-O-O 19.Rxg7 Rd7 20.Nf4 h6 21.
Rgg1 Kb7 22.Nd3 Kb6 23.a4 c5 24.Ne5 Re7 25.Nc4+ Kc6 26.a5 Rb8 27.b3 Ra7 
28.Rg7 Rbb7 29.e5 Nd5 30.Rh7 Kb5 31.Nd6+ Kc6 32.Nxb7 Rxb7 33.Rxh6+ Kc7 34.
Rd6 Nf4 35.Rf6 Kc8 36.Rxf4 1-0

[Event "R2-2004 Villeneuve-Tolosane2-Loures Bar"]
[Site "Loures Barousse"]
[Date "2003.12.07"]
[Round "2.1"]
[White "Hallet, Maurice"]
[Black "David, Philippe"]
[Result "1-0"]
[WhiteElo "1490"]
[BlackElo "1499"]
[EventDate "2003.??.??"]
[PlyCount "27"]

1.e4 d5 2.e5 c5 3.c3 Bf5 4.Nf3 f6 5.Bb5+ Nd7 6.d4 cxd4 7.Nxd4 Bxb1 8.e6 
Be4 9.Bxd7+ Qxd7 10.exd7+ Kxd7 11.Qa4+ Kd6 12.f3 Bd3 13.Qb4+ Kc7 14.Ne6+ 
1-0